000 00451nam a2200157 4500
001 139791
003 ES-MaACL
005 20230906195916.0
007 t|
008 070214s1932 gw r ||||1| ger d
100 1 _aSchindler, Dietrich.
_9104374
245 1 0 _aVerfassungsrecht und soziale Struktur /
_cvon Dietrich Schindler.
260 _aZurich :
_bSchulthess & Co.,
_c1932.
300 _aVII, 162 p. ;
_c25 x 17 cm.
852 _aES-MaACL
_jA-2176
999 _c139791
_d139791